000 00398pam a2200145 a 4500
020 _a0697147509 (acidfree paper)
040 _cDLC
082 0 0 _a572 WCB 1999 A029 Or.
100 1 _aWeaver, Robert Franklin,
245 1 0 _aMolecular biology /
260 _aBoston :
_bWCB/McGraw-Hill,
_cc1999.
300 _axxii, 788 p. :
_bill. (some col.) ;
_c29 cm.
650 0 _aMolecular biology.
942 _cEK
999 _c11650
_d11650